MDQL
is popping MORE tags! Check the
thread
!
Quizzes
Events
Quiz Creation
Community
Videos
Private Events
Remove Ads
Sign In
Join for FREE
Feedback
Dark Mode
Quiz Categories
Sports
Geography
Music
Movies
Television
Just For Fun
Miscellaneous
History
Literature
Language
Science
Gaming
Entertainment
Religion
Holiday
For Kids
Quiz Lab
Recent
Popular Today
Quiz Kudos Today
Editor Picks
Curator Picks
Quizzes by...
Day
Popularity
Type
Ratings
Length
Year
Community
Subscriptions
Recent Discussions
Orange Saloon
Badges
Playlists
Quests
Create
Leaderboards
Showdown
Live 5
Trivia Bingo
Activity
Puzzle Library
Sporcle Events
Private Events
Virtual Trivia
Globe League
Become a Host
Pub Owners
SporcleCon
Opinionation
Our Games
Videos
Blog
Mobile Apps
Partnerships
Remove Ads and Go Orange
Feedback
Music
Pop Music
The Beatles
Song
Album
Lyrics
Bands
Singers
Artist
Clip
Rock
Rap
Classical
Billboard
Country Music
Kpop
Taylor Swift
Music
Pop Music
The Beatles
Song
Album
Lyrics
Bands
Singers
Artist
Clip
Rock
Rap
Classical
Billboard
Country Music
Kpop
Taylor Swift
Random Quiz
Search Sporcle
×
Quiz Lab
Quiz Lab
Music
Example
Type in answers that appear in a list
Type in answers that appear in a list
Classic
Best Score? Go Orange.
Heavy Metal Subgenres Stats
Can you name the Heavy Metal Subgenres?
By
unforgiven
5m
36 Questions
552 Plays
552 Plays
552 Plays
Comments
Comments
Give Quiz Kudos
Give Quiz Kudos
-
- Ratings
hide this ad
Replay
Link that replays current quiz
Next Quiz
Link to next quiz in quiz playlist
You Got
0%
They Got
Avg Score
67%
Avg Friend Score
Upgrade to see
Score Distribution
Jump to the score distribution portion of the page
Score
0/36
Timer
05:00
0
Plays Today
Example of Bands
Subgenre
% Correct
Cannibal Corpse, Deicide, Possessed
Death Metal
97.5%
Metallica, Slayer, Anthrax
Thrash Metal
96.7%
Mayhem, Burzum, Gorgoroth
Black Metal
94.7%
Slipknot, Korn, Limp Bizkit
Nu Metal
90.6%
Black Sabbath
Classic Heavy Metal
89.3%
Dream Theater, Tool, Queensryche
Progressive Metal
88.9%
Helloween, Hammerfall, Blind Guardian
Power Metal
88.2%
Candlemass, Pentagram, Orodruin
Doom Metal
86.1%
Motley Crue, Def Leppard, Slade
Glam Metal
83.2%
Rage Against the Machine, Body Count, Linkin Park
Rap Metal
79.7%
Nightwish, Epica, Therion
Symphonic Metal
77%
Killswitch Engage, All That Remains, Underoath
Metalcore
76.4%
Napalm Death, Carcass, Pig Destroyer
Grindcore
76.3%
Pantera, Exhorder, Machine Head
Groove Metal
74.6%
Faith No More, System of a Down, Jane's Addiction
Alternative Metal
72.8%
Judas Priest, Iron Maiden, Budgie
New Wave of British Heavy Metal
72.5%
Annihilator, Accept, Anvil
Speed Metal
71.4%
Electric Wizard, Sleep, Acid King
Stoner Metal
70.1%
Example of Bands
Subgenre
% Correct
Ministry, White Zombie, Godflesh
Industrial Metal
69.9%
Lacuna Coil, Paradise Lost, My Dying Bride
Gothic Metal
68.1%
At the Gates, In Flames, Dark Tranquility
Melodic Death Metal
67.2%
Melvins, Mastodon, Baroness
Sludge Metal
65.6%
Ensiferum, Moonspell, Skyclad
Folk Metal
65.2%
Stryper, Petra, Jerusalem
Christian Metal
64.9%
Primus, Living Colour, Incubus
Funk Metal
59.2%
Yngwie Malmsteen, Trans-
Siberian Orchestra, Rhapsody of Fire
Neo-Classical Metal
57.8%
Earth, Boris, Sun0)))
Drone Metal
57.6%
Emmure, Whitechapel, Carnifex
Deathcore
55.6%
Isis, Neurosis, Pelican
Post-Metal
48.4%
Voivod, Meshuggah, Mr. Bungle
Experimental Metal
48.2%
Periphery, Textures, Tesseract
Djent
45.1%
Cynic, Origin, Atheist
Technical Death Metal
44.2%
Celtic Frost, Dimmu Borgir, Emperor
Symphonic Black Metal
41.5%
Opeth, Agalloch, Edge of Sanity
Progressive Death Metal
36.2%
Amebix, Antisect, Doom
Crust Punk
26.1%
Cruachan, Geasa, Waylander
Celtic Metal
25.9%
Quiz Playlist
Details
Report
Send in Message
Add To Playlist
Classic:
Type in answers that appear in a list
Last Updated: Feb 16, 2017
Quiz Scoreboard
CHALLENGE
Sign Up to Join the Scoreboard
Show All
Scores
Hide
Comments
May contain spoilers
Recently Published
Two Season TV Shows II
by 123Four
Television
10m
Image Sorting: Flags VI
by Barbecue
Geography
2m
Find the 'City' Movie
by crazypaving
Movies
60s
More to Explore
Quiz From the Vault
Featured Blog Post
14 Easter Pick-up Lines to Find Eggs With
hide this ad
You Might Also Like...
Tags
Example
Heavy
Heavy Metal
metal
subgenre
subtense
Today's Top Quizzes in Music
Browse Music
hide this ad
Today's Top Quizzes in Example
Browse Example
Top Contributed Quizzes in Music
1
5X2 Blitz: Bands II
2
5X2 Blitz: The Beatles
3
Taylor Swift All Songs (2024)
4
5X2 Blitz: Billboard
5
5X2 Blitz: Billboard II
6
5X2 Blitz: Album
7
5X2 Blitz: Rock
8
5X2 Blitz: Singers
9
Music Artist by Three 2010s hits
10
5X2 Blitz: Lyrics
Explore More
Trending Topics
Harry Potter
Marvel
Kpop
Crossword
Disney
NBA
Anime
Country
Pokémon
NFL
WWE
Song
The Office
Puzzle
Soccer
hide this ad
More By:
unforgiven
Quiz
Plays
Rating
Category
Featured
Created
Top 25 Modern Metal Drummers
90
Music
Sep 8, 2012
Heavy Metal Subgenres
552
3.25
Music
Sep 7, 2012
Finish the Lyric: 90's Alt Rock Edition
370
2.00
Music
Sep 9, 2012
Finish the Lyric: Heavy Metal Edition
202
3.50
Music
Sep 8, 2012
Top 25 Modern Metal Drummers
90
Music
Sep 8, 2012
Go to Creator's Profile
Score Distribution
Quiz Creator Spotlight
unforgiven
Follow
Send a Message
Quizzes Created
-
Created Quiz Play Count
-
More By This Creator
Popular Quizzes Today
1
Colored Red Africa Blitz
2
Find the US States - No Outlines Minefield
3
Find the 'City' Movie
4
5x2 Blitz: Bands
5
The Countries of the World
6
Find the US States
7
Find the Countries of Europe - No Outlines Minefield
8
US States
More Music Quizzes
Hidden Questions: Albums
Published
Trending Quizzes
Colored Red Europe Blitz I
Colored Red Africa Blitz II
Colored Red Europe Blitz II
Colored Red Africa Blitz III
Colored Red Europe Blitz III
Recently Updated
How Do You Spell That?
pecheneg
Godzilla Movies
pecheneg
Grab Bag: 4-10 Letters
pecheneg
2024 March Madness Bracket
pecheneg
Famous TV Couples
Peacemaker
Champions League XIs: Real Madrid
pecheneg
Largest US Cities 1790-2010
pecheneg
Rides in Walt Disney World
pecheneg
Most Oscar Losses (Acting)
pecheneg
Beyoncé Albums
pecheneg
Trending Topics
Marvel
Harry Potter
Anime
Crossword
Kpop
NBA
Disney
The Office
Pokémon
Puzzle
Soccer
NFL
Song
WWE
Country
Your Account Isn't Verified!
In order to create a playlist on Sporcle, you need to verify the email address you used during registration. Go to your
Sporcle Settings
to finish the process.
Report this User
Report this user for behavior that violates our
Community Guidelines
.
Details:
Send Report
Go to the Sporcle.com Mobile Site →
Comments